000
00314nam a22001457a 4500
003
SGT
020
_a
9780465049967
082
_a
328.73
_b
T88L
100
_a
LOOMIS, BURDETT
245
_a
THE NEW AMERICAN POLITICAN
260
_b
BASIC BOOKS
_c
1988
300
_a
275
650
_a
SOCIAL SCIENCE
942
_2
ddc
_c
BK
999
_c
27403
_d
27403